000 00971cad a22002415a 4500
001 E149187
008 100126s2010 xxk f s000 0 eng d
035 _a(Sirsi) u149187
041 0 _aeng
050 0 4 _a347.4209 $2 18
110 2 _aScotland
_kLaws, etc
245 0 0 _aArbitration (Scotland) Act 2010
_h[electronic resource]
260 _aLondon
_bOPSI
_c2010
520 _aAn Act to make provision with regards to arbitration in Scotland.
520 _aSections 2, 31 to 34, 35 and 37 come into force on 5 January 2010. Other sections come into force on the day appointed by ministers.
521 _aAdvanced
590 _aKA
650 2 4 _aARBITRATION (SCOTLAND) ACT 2010
651 4 _aScotland
_y1999-
690 _aMANAGEMENT-DISPUTE AVOIDANCE, MANAGEMENT AND RESOLUTION-DISPUTE MANAGEMENT AND RESOLUTION-ARBITRATION
856 4 0 _uhttps://www.legislation.gov.uk/asp/2010/1/contents
_zView the Act free of charge at www.legislation.gov.uk...
942 _n0
999 _c110400
_d110400